| 000 | 00670cab a2200253 4500 | ||
|---|---|---|---|
| 001 | X180 | ||
| 008 | 090401t1992 xxu||||| |||| 00| 0 eng d | ||
| 035 | _a(Sirsi) u64273 | ||
| 041 | _aeng | ||
| 100 | _aManning, H. J. | ||
| 245 | _aThailand and Australia co-operate to update Thailand`s land titles system | ||
| 260 | _c1992 | ||
| 350 | _a0 | ||
| 490 |
_aValuer and Land Economist _v32(2) May 1992, 121-125(4) |
||
| 650 | _aAUSTRALIA | ||
| 650 | _aLAND REGISTRATION | ||
| 650 | _aLAND TITLES | ||
| 650 | _aTHAILAND | ||
| 650 | _aTORRENS LAND TITLE SYSTEM | ||
| 690 | _aLAND | ||
| 690 | _aOVERSEAS-REST OF THE WORLD | ||
| 942 | _n0 | ||
| 948 | _c04/03/1997 | ||
| 999 |
_c40019 _d40019 |
||